[Event "Online Olym Div4 C"]
[Site "Chess.com INT"]
[Date "2021.08.21"]
[Round "4.2"]
[White "Jeremie, Derain"]
[Black "Belachew, Yimam Abera"]
[Result "0-1"]
[WhiteElo "1781"]
[BlackElo "2116"]
[PlyCount "56"]
[EventDate "2021.08.20"]
[EventType "team (rapid)"]
[EventRounds "11"]
[EventCountry "USA"]
[SourceTitle "CBM 203 Extra"]
[Source "ChessBase"]
[SourceDate "2021.09.30"]
[SourceVersion "1"]
[SourceVersionDate "2021.09.30"]
[SourceQuality "1"]
[WhiteTeam "Burundi"]
[BlackTeam "Ethiopia"]
[WhiteTeamCountry "BRI"]
[BlackTeamCountry "ETH"]

1. e4 c5 2. Nf3 d6 3. d4 cxd4 4. Nxd4 a6 5. Nc3 e5 6. Nb3 Nf6 7. f3 Be7 8. Be3 0-0 9. Be2 Be6 10. Qd2 b5 11. g4 Nbd7 12. h4 Nb6 13. h5 Nc4 14. Bxc4 bxc4 15. Nc1 Rb8 16. b3 cxb3 17. Nxb3 Ne8 18. g5 f5 19. exf5 Rxf5 20. g6 Bh4+ 21. Kd1 Rxf3 22. gxh7+ Kh8 23. Kc1 Rxe3 24. Rxh4 Rxc3 25. h6 Rbc8 26. hxg7+ Nxg7 27. Qh6 Rxc2+ 28. Kb1 Bf5 0-1

[Event "Online Olym Base B"]
[Site "Chess.com INT"]
[Date "2020.07.27"]
[Round "7.2"]
[White "Jeremie, Derain"]
[Black "Eid, Fadi"]
[Result "0-1"]
[WhiteElo "1781"]
[BlackElo "2323"]
[PlyCount "74"]
[EventDate "2020.07.25"]
[EventType "team-tourn (rapid)"]
[EventRounds "9"]
[EventCountry "USA"]
[SourceTitle "CBM 198"]
[Source "ChessBase"]
[SourceDate "2020.10.31"]
[SourceVersion "1"]
[SourceVersionDate "2020.10.31"]
[SourceQuality "1"]
[WhiteTeam "Burundi"]
[BlackTeam "Lebanon"]
[WhiteTeamCountry "BRI"]
[BlackTeamCountry "LBN"]

1. e4 Nc6 2. Nf3 d6 3. d4 Nf6 4. Nc3 Bg4 5. Be2 e5 6. dxe5 dxe5 7. Qxd8+ Rxd8 8. 0-0 Bb4 9. Bg5 Bxc3 10. Bxf6 gxf6 11. bxc3 Bxf3 12. gxf3 Ke7 13. Rad1 Rd6 14. Rxd6 cxd6 15. Rb1 b6 16. Bc4 Na5 17. Bd5 Rc8 18. c4 Nxc4 19. Rb4 Nd2 20. c4 Nxf3+ 21. Kg2 Nh4+ 22. Kg3 Ng6 23. a4 Rc5 24. Rb3 Nf4 25. Rb5 Nxd5 26. cxd5 Rc4 27. a5 Rc5 28. Rxc5 bxc5 29. h4 Kf8 30. h5 Kg7 31. Kf3 Kh6 32. Kg4 a6 33. f4 c4 34. fxe5 fxe5 35. Kf3 Kxh5 36. Ke3 Kg4 37. Kd2 Kf4 0-1